Statistics for Types of Food

Click here to take the quiz!

General Stats

  • This quiz has been taken 74,682 times
  • The average score is 18 of 22

Answer Stats

These are Types ofThis% Correct
Brie, Gruyère, MunsterCheese
98%
Penne, Spaghetti, MacaroniPasta
98%
Milk, Dark, WhiteChocolate
97%
Skim, Whole, 2%Milk
96%
Drip, Espresso, TurkishCoffee
95%
Chapati, Challah, PitaBread
93%
Merlot, Pinot Noir, GrenacheWine
93%
Jasmine, Black, Earl GreyTea
91%
Pinto, Lima, KidneyBean
87%
Balsamic, Apple Cider, DistilledVinegar
87%
Coriander, Saffron, TurmericSpice
86%
Basmati, Jasmine, ArborioRice
84%
Rye, Scotch, BourbonWhiskey
83%
Stout, Porter, PilsnerBeer
82%
Ketchup, Mustard, MayonnaiseCondiment
80%
Table, Brown, ConfectionarySugar
80%
White Russian, Manhattan, CosmopolitanCocktail
74%
Angel Food, Cheese, CoffeeCake
72%
Figgy, Chocolate, TapiocaPudding
69%
Maki, Nigiri, InariSushi
60%
Steel-cut, Rolled, WildOats
54%
Potato, Rice, EnrichedFlour
46%

Score Distribution

Percentile by Number Answered

Percent of People with Each Score

Your Score History

You have not taken this quiz